[Event "Treviso op-D 1st"]
[White "Querin, Emanuele"]
[Black "Matterlin, Matteo"]
[Site "Treviso"]
[Round "4.13"]
[Result "0-1"]
[Date "2017.03.19"]
[WhiteElo "1440"]
[BlackElo "1137"]
[PlyCount "78"]
[EventDate "2017.03.17"]
[EventType "swiss"]
[EventRounds "5"]
[EventCountry "ITA"]
[SourceTitle "EXT 2024"]
[Source "ChessBase"]
[SourceDate "2023.10.10"]
[SourceVersion "1"]
[SourceVersionDate "2023.10.10"]
[SourceQuality "1"]

1. e4 b6 2. Nc3 Bb7 3. Bc4 e6 4. d4 Bb4 5. d5 Ne7 6. dxe6 fxe6 7. Qg4 Ng6 8. Bg5 Be7 9. Bf4 0-0 10. Bg3 Nc6 11. 0-0-0 Rf6 12. f4 Nxf4 13. Bxf4 Rxf4 14. Qg3 Rf6 15. Nge2 Bd6 16. Qh3 Ne5 17. Bb3 a5 18. g4 Rh6 19. Qe3 Nxg4 20. Qg1 Rg6 21. Qd4 Qg5+ 22. Kb1 Rf8 23. h4 Qe3 24. h5 Qxd4 25. Nxd4 Rh6 26. Rhg1 Nf6 27. Ncb5 Nxe4 28. Rg4 Nf2 29. Nxe6 dxe6 30. Nxd6 cxd6 31. Rgd4 Nxd1 32. Rxd1 Rxh5 33. Bxe6+ Kh8 34. a3 Rd8 35. c4 d5 36. Bf7 Re5 37. cxd5 Bxd5 38. Bxd5 Rdxd5 39. Rf1 Kg8 0-1

[Event "Treviso op-D 1st"]
[White "Matterlin, Matteo"]
[Black "Pincin, Samuele"]
[Site "Treviso"]
[Round "1.19"]
[Result "1-0"]
[Date "2017.03.17"]
[WhiteElo "1137"]
[BlackElo "1423"]
[PlyCount "41"]
[EventDate "2017.03.17"]
[EventType "swiss"]
[EventRounds "5"]
[EventCountry "ITA"]
[SourceTitle "EXT 2024"]
[Source "ChessBase"]
[SourceDate "2023.10.10"]
[SourceVersion "1"]
[SourceVersionDate "2023.10.10"]
[SourceQuality "1"]

1. e4 e5 2. Nf3 Nc6 3. Bc4 Bc5 4. b4 Bxb4 5. c3 Ba5 6. d4 exd4 7. 0-0 Nf6 8. Qb3 0-0 9. Ba3 d6 10. e5 Ne4 11. cxd4 Bb6 12. Qe3 Bf5 13. Bd3 Ng5 14. Bxf5 Nxf3+ 15. Qxf3 Nxd4 16. Bxh7+ Kxh7 17. Qd3+ g6 18. exd6 cxd6 19. Bb2 Nf5 20. Nd2 Qd7 21. Qh3+ 1-0